Assasins Creed characters - Statistics

General Stats
  • This quiz has been taken 314 times
  • The average score is 3 of 9
Answer Stats
Assasin Game % Correct
Altair Assasins Creed
100%
Connor Assasins Creed 3
46%
Edward Assasins creed black flag
45%
Bayek Assasins creed origins
39%
Arno Assasins Creed unity
38%
Shay Assasins Creed Rouge
6%
Jacob and Evie Assasins creed syndacite
2%
Alexios and Kassandra Assasins creed odyessy
1%
Ezio Assasins creed 2, assasins creed brotherhood,assasins creed revelations
0%
No matching quizzes found
Score Distribution
Percent of People with Each Score
Percentile by Number Answered
Your Score History
You have not taken this quiz